000 01197nam a2200325 a 4500
001 000108751
003 CHAP
005 20220329144023.0
008 140310s2012 mx | |sm |||||||spa|d
010 _a105213
011 _a106185
040 _cCHAP
090 _aTesis
100 1 _aHuerta Vázquez, Miriam Guadalupe
_9125784
245 1 0 _aModificaciones a los estudios técnicos justificativos para cambio de uso de suelo en terrenos forestales: Estudio de caso
_h[En línea]
_cpor Miriam Guadalupe Huerta Vázquez.
260 _aChapingo, Méx. :
_bEl autor,
_c2012.
500 _aPara ver el contenido del material haga clic en la liga
502 _aTesis (Ing. Forestal) -- UACH. División de Ciencias Forestales
590 _aBATCH-UPD
_b05
_c20140324
_lUCH01
_h1536
590 _aBATCH-UPD
_b05
_c20141002
_lUCH01
_h0857
590 _aE792CSJ
_b05
_c20140310
_lUCH01
_h0904
590 _aE792CSJ
_b05
_c20140310
_lUCH01
_h0904
650 1 4 _aDesarrollo forestal.
_932059
650 1 4 _aSuelos forestales.
_9110548
650 1 4 _aSuelos
_xErosión.
_9110357
856 _aFinding aid
_uhttp://10.13.5.2/tesis/sist108751.pdf
_zTeclea aquí
901 _aBK
942 _cTESIS
942 _n0
999 _c105213
_d105213